Top 10 de universidade do mundo - Statistics

Estatísticas Gerais
  • Esse quiz foi jogado 135 vezes
  • A pontuação média é 5 de 10
Estatísticas das Respostas
Hint Resposta % Correto
3. Harvard
88%
8. Oxford
76%
5. Cambridge
66%
1. Yale
56%
6. MIT
50%
4. Stanford
38%
9. Universidade Columbia
35%
7. Universidade de Princeton
28%
10. Instituto de Tecnologia da Califórnia
15%
2. Berkeley
10%
Nenhum quiz correspondente encontrado
Distribuição das Pontuações
Porcentagem de Pessoas com Cada Pontuação
Percentil de Números Respondidos
Sua Pontuação Histórica
Você não jogou esse quiz